Statistics for Monstercat Trivia #1

Click here to take the quiz!

General Stats

  • This quiz has been taken 5 times
    (4 since last reset)
  • The average score is 10 of 20

Answer Stats

HintAnswer% Correct
TwoThirdsLVTHER
100%
DotEXESummer Was Fun
100%
Halo NovaVarien
100%
First Monstercat compilation to feature 30 songs012 - Aftermath
67%
The only Monstercat compilation to feature a song from every colour of the visualiser022 - Contact
67%
Longest song on Monstercat*Infected Mushroom & BLiSS - A Cookie From Space
67%
The oldest Monstercat song to be Rocket LeaguePegboards Nerds - Disconnected
67%
The only Monstercat artist to appear as an artist, a collaborator, a featured artist and a remixerRogue
67%
"{The} {entity}... it's behind you"
67%
Currently the only Monstercat song to be in 5/4 time signatureTut Tut Child - Queen of Your Heart (Feat. Augustus Ghost)
67%
TVDSAtmozfears
33%
Shortest song on MonstercatBad Computer - Internet Love; 2010
33%
The language featured in the above songCanadian French
33%
Artist who Monstercat has dismissed for having too much bass in their musicObsidia
33%
The first Monstercat EP to be released in collaboration with Disciple RecordingsPegboard Nerds - Guilty Pleasures EP
33%
The first Monstercat song to feature lyrics in a different languageTristam & Rogue - Pushed Away
33%
Label that collaborated with Monstercat in 2021 to release a compilation for Monstercat CompoundWestwood Recordings
33%
"You are now experiencing {greatness}"
33%
"And when I'm waiting all alone, I need you to take me home
Promises like {broken} {bones}, I've been holding on to you"
0%
The first song to ever be on played on Monstercat: Call of the WildProject 46 - Motionless (Feat. Seri)
0%

Score Distribution

Percentile by Number Answered

Percent of People with Each Score

Your Score History

You have not taken this quiz since the last reset